| 000 | 00711nam a22001937a 4500 | ||
|---|---|---|---|
| 005 | 20250120143511.0 | ||
| 010 | _aENG-143472 | ||
| 020 |
_c295.00 _a9789391841164 |
||
| 035 | _aEN-127004 | ||
| 037 | _bDBAD | ||
| 082 | _a657.8333 | ||
| 100 |
_aLakkol, G. Savitha _976765 |
||
| 245 |
_aIndian Banking Sector Mergers; Changing Perspectives/ _cBy Savitha G. Lakkol |
||
| 250 | _aFirst | ||
| 260 |
_bAn Imprint of Prism Book Pvt. Ltd _c2021 _a#1865, 32nd cross, 10th Main BSK II stage, Bengaluru |
||
| 270 |
_b Bengaluru _a#1865, 32nd cross, 10th Main BSK II stage, Bengaluru _e560070 _k08026714108 _mlogicstics@prismbook.com |
||
| 300 |
_a216p. _c21cm (pbk) |
||
| 942 |
_2ddc _cEN _h657.8333 _mLAK |
||
| 999 |
_c208608 _d208608 |
||